| 000 | 01416nam a2200349Ia 4500 | ||
|---|---|---|---|
| 001 | ebr10218316 | ||
| 003 | CaPaEBR | ||
| 006 | m u | ||
| 007 | cr cn||||||||| | ||
| 008 | 040831s2005 cau fsb 001 0 eng d | ||
| 020 | _z9780761947998 | ||
| 020 | _z9781847871459 (ebook) | ||
| 020 | _z076194799X (cased) | ||
| 040 |
_aCaPaEBR _cCaPaEBR |
||
| 035 | _a(OCoLC)290537259 | ||
| 050 | 1 | 4 |
_aHM891 _b.M37 2005eb |
| 100 | 1 | _aMartinelli, Alberto. | |
| 245 | 1 | 0 |
_aGlobal modernization _h[electronic resource] : _brethinking the project of modernity / _cAlberto Martinelli. |
| 260 |
_aThousand Oaks ; _aLondon : _bSAGE, _c2005. |
||
| 300 | _a158 p. | ||
| 490 | 1 | _aSage studies in international sociology | |
| 504 | _aIncludes bibliographical references and index. | ||
| 533 |
_aElectronic reproduction. _bPalo Alto, Calif. : _cebrary, _d2009. _nAvailable via World Wide Web. _nAccess may be limited to ebrary affiliated libraries. |
||
| 650 | 0 |
_aProgress _xSociological aspects. |
|
| 650 | 0 |
_aCivilization, Modern _xSociological aspects. |
|
| 650 | 0 |
_aGlobalization _xSociological aspects. |
|
| 650 | 0 |
_aPostmodernism _xSociological aspects. |
|
| 655 | 7 |
_aElectronic books. _2local |
|
| 710 | 2 | _aebrary, Inc. | |
| 830 | 0 | _aSage studies in international sociology. | |
| 856 | 4 | 0 |
_uhttp://site.ebrary.com/lib/rucke/Doc?id=10218316 _zAn electronic book accessible through the World Wide Web; click to view |
| 999 |
_c129676 _d129676 |
||